000 00511nam a2200193 i 4500
001 bg
100 1 _aGIEROŃ, Mirosław
245 0 _aUżytkowa grafika komputerowa /
_cMirosław Gieroń.
260 _aTarnów :
_b"Karat",
_c1992.
300 _a166 s. :
_bwykr. ;
_c21 cm +
_edyskietka.
504 _aBibliogr. s. 164.
020 _a8385601066
040 _cBPK
041 _apol
080 _a681.322.06:541/542:514
920 _a83-85601-06-6
942 _cKS
008 s pl f |000 0 pol
999 _c5430
_d5430
856 _uhttp://koha.tu.koszalin.pl/cgi-bin/koha/opac-detail.pl?biblionumber=5430
_yKatalog online BPK